| 000 | 01774nam a2200421 c 4500 | ||
|---|---|---|---|
| 001 | 58320 | ||
| 003 | CO-BoRNBP | ||
| 005 | 20250821202326.0 | ||
| 007 | ta | ||
| 008 | 210823r20162021ck a br 000 jdspa d | ||
| 020 | _a9789580517412 | ||
| 040 |
_aCO-BoRNBP _bspa _erda _cCO-BoRNBP |
||
| 041 | 0 | _aspa | |
| 043 | _as-ck--- | ||
| 084 | _aC LIZ | ||
| 100 |
_aLizarazo, María Camila _eaut _962922 |
||
| 245 | 1 | 0 |
_aAl rescate del jaguar / _ctextos María Camila Lizarazo ; ilustraciones Alexander Marroquín. |
| 250 |
_aPrimera edición _bTercera reimpresión |
||
| 264 | 1 |
_aBogotá, Colombia : _bEducar Editores, _c2021 |
|
| 300 |
_a[30] páginas : _bilustraciones a color |
||
| 336 |
_atexto _btxt _2rdacontent |
||
| 337 |
_asin mediación _bn _2rdamedia |
||
| 338 |
_avolumen _bnc _2rdacarrier |
||
| 490 | 0 | _aHéroes al rescate animal | |
| 500 | _aEl material correspondiente a la dotación PNLB 2022 con código FRURAL-2022-00119, corresponde a la primera edición de 2017 | ||
| 500 | _aEl material correspondiente a la dotación PNLB 2022 con código RURAL-2022-00241, corresponde a la tercera impresión de 2021 | ||
| 500 | _aEl material correspondiente a la dotación PNLB 2022 con código URBANA-2022-00341, corresponde a la tercera impresión de 2021 | ||
| 521 | _aRecomendado para un público infantil mayor de 6 años | ||
| 545 | _aIncluye datos biográficos de los autores al final del texto y en la contracarátula | ||
| 650 | 0 | 4 |
_aCuentos infantiles colombianos _2LEMB |
| 650 | 0 | 7 |
_aJaguares _vCuentos _2lemb _962923 |
| 650 | 0 | 7 |
_aAnimales _vCuentos _2LEMB _9745 |
| 650 | 0 | 4 |
_aLiteratura infantil colombiana _2LEMB _934 |
| 655 |
_aCuentos _943875 |
||
| 655 |
_aCuentos _943875 |
||
| 700 |
_aMarroquín, Alexander _eill _962011 |
||
| 942 |
_2loc _cBKLITI |
||
| 999 |
_c58320 _d58320 |
||